[Event "UKR-RUS LCWL rapid 10+2"]
[Site "Chess.com INT"]
[Date "2020.05.17"]
[Round "2.3"]
[White "Kuznecov, Mikhail"]
[Black "Ljukin, Sergei"]
[Result "0-1"]
[WhiteElo "2378"]
[BlackElo "2368"]
[PlyCount "128"]
[EventDate "2020.05.17"]
[EventType "team-match (rapid)"]
[EventRounds "2"]
[EventCountry "UKR"]
[SourceTitle "CBM 196 Extra"]
[Source "ChessBase"]
[SourceDate "2020.07.31"]
[SourceVersion "1"]
[SourceVersionDate "2020.07.31"]
[SourceQuality "1"]
[WhiteTeam "Russia"]
[BlackTeam "Ukraine"]
[WhiteTeamCountry "RUS"]
[BlackTeamCountry "UKR"]

1. d4 d5 2. Bf4 Nf6 3. e3 c5 4. c3 Nc6 5. Nd2 Qb6 6. Qb3 c4 7. Qc2 Bg4 8. Ngf3 e6 9. Be2 Bf5 10. Qc1 Qd8 11. h3 h6 12. 0-0 Be7 13. Bd1 0-0 14. Bc2 Bxc2 15. Qxc2 b5 16. a3 Bd6 17. Bxd6 Qxd6 18. e4 Qc7 19. Rfe1 a5 20. exd5 exd5 21. Qf5 Rfe8 22. Nf1 Qd7 23. Qf4 Ne4 24. Ne3 Re6 25. Qg4 Nf6 26. Qg3 Re4 27. Nd2 Re7 28. Nef1 Rae8 29. Re3 Ne4 30. Nxe4 Rxe4 31. Rae1 f5 32. Qf3 Qe6 33. Ng3 Ne7 34. Qh5 Qf7 35. Qxf7+ Kxf7 36. Nxe4 dxe4 37. Rd1 Nd5 38. Ree1 f4 39. g3 g5 40. Kh2 f3 41. a4 b4 42. cxb4 axb4 43. Ra1 Ra8 44. Rec1 c3 45. bxc3 bxc3 46. a5 Ra6 47. Re1 Nf6 48. Ra3 h5 49. Rc1 Nd5 50. Re1 Nf6 51. Rxc3 Rxa5 52. Rc5 Ra2 53. Kg1 g4 54. h4 Rd2 55. d5 Ke7 56. Ra5 Kd6 57. Ra6+ Ke5 58. Re6+ Kf5 59. Rd6 Nxd5 60. Rd8 e3 61. Rxe3 Rd1+ 62. Kh2 Nxe3 63. Rf8+ Kg6 64. Rf6+ Kxf6 0-1

[Event "PRO League Stage"]
[Site "Chess.com INT"]
[Date "2018.02.24"]
[Round "7"]
[White "Kuznecov, Mikhail"]
[Black "Zherebukh, Yaroslav"]
[Result "0-1"]
[WhiteElo "2378"]
[BlackElo "2636"]
[PlyCount "116"]
[EventDate "2018.01.18"]
[EventType "team-swiss (rapid)"]
[EventRounds "9"]
[EventCountry "USA"]
[SourceTitle "EXT 2019"]
[Source "ChessBase"]
[SourceDate "2018.10.10"]
[SourceVersion "1"]
[SourceVersionDate "2018.10.10"]
[SourceQuality "1"]
[WhiteTeam "Volga Stormbringers"]
[BlackTeam "Saint Louis Arch Bishops"]
[WhiteTeamCountry "RUS"]
[BlackTeamCountry "USA"]

1. d4 Nf6 2. Bf4 g6 3. e3 Bg7 4. Nf3 0-0 5. Be2 d6 6. 0-0 c5 7. c3 cxd4 8. cxd4 Qb6 9. Qb3 Qxb3 10. axb3 Nc6 11. Nc3 Bd7 12. Bg5 Rfc8 13. Rfc1 Kf8 14. Nd2 h6 15. Bh4 g5 16. Bg3 Nb4 17. f3 a6 18. Nc4 Nfd5 19. Bf2 b5 20. Nd2 f5 21. g3 f4 22. Nxd5 Nxd5 23. gxf4 gxf4 24. exf4 Nxf4 25. Bf1 Rxc1 26. Rxc1 Rc8 27. Rxc8+ Bxc8 28. Be3 Nd5 29. Kf2 Nb4 30. Ne4 Be6 31. Nc3 Bxb3 32. f4 Nc2 33. d5 Nxe3 34. Kxe3 b4 35. Ne4 a5 36. Nd2 Bxd5 37. b3 Bc3 38. Nc4 Kg7 39. Be2 Kf6 40. Nxa5 e5 41. Nc4 Bd4+ 42. Kd3 Bg1 43. fxe5+ dxe5 44. h3 Kf5 45. Nd6+ Kf4 46. Bd1 Bf2 47. Nc8 Be6 48. Ne7 e4+ 49. Ke2 Bc5 50. Ng6+ Kf5 51. Nh4+ Kg5 52. Ng2 Bxh3 53. Ne3 Be6 54. Bc2 Kf4 55. Ng2+ Ke5 56. Nh4 Bg4+ 57. Kd2 Bf2 58. Ng6+ Kd4 0-1

[Event "PRO League Stage"]
[Site "Chess.com INT"]
[Date "2018.02.24"]
[Round "7"]
[White "Margvelashvili, Giorgi"]
[Black "Kuznecov, Mikhail"]
[Result "1-0"]
[WhiteElo "2530"]
[BlackElo "2378"]
[PlyCount "155"]
[EventDate "2018.01.18"]
[EventType "team-swiss (rapid)"]
[EventRounds "9"]
[EventCountry "USA"]
[SourceTitle "EXT 2019"]
[Source "ChessBase"]
[SourceDate "2018.10.10"]
[SourceVersion "1"]
[SourceVersionDate "2018.10.10"]
[SourceQuality "1"]
[WhiteTeam "Seattle Sluggers"]
[BlackTeam "Volga Stormbringers"]
[WhiteTeamCountry "USA"]
[BlackTeamCountry "RUS"]

1. d4 d6 2. c4 Nf6 3. Nc3 Nbd7 4. Nf3 c6 5. g3 e5 6. dxe5 dxe5 7. Bg2 Be7 8. 0-0 0-0 9. Qc2 a5 10. Rd1 Qc7 11. h3 h6 12. Be3 Bc5 13. Qc1 Re8 14. Na4 Bxe3 15. Qxe3 b6 16. Nd2 Bb7 17. Nb3 c5 18. Bxb7 Qxb7 19. Rd6 Ne4 20. Rxd7 Qxd7 21. Nxb6 Qc6 22. Nxa8 Rxa8 23. Nd2 Ng5 24. h4 Ne6 25. Qxe5 Re8 26. e3 Qd7 27. Qd5 Qa4 28. b3 Qb4 29. Ne4 a4 30. Qd3 Rd8 31. Qc2 axb3 32. axb3 Qb7 33. Nc3 Qf3 34. Rd1 Rb8 35. Nd5 g5 36. Kh2 Rb7 37. Ra1 Rb8 38. Rf1 Ra8 39. Qd1 Qxd1 40. Rxd1 Ra2 41. Kg2 Rb2 42. hxg5 hxg5 43. Rd3 Kg7 44. g4 Nf8 45. Ne7 Kf6 46. Nf5 Ne6 47. Kg3 Rb1 48. Nd6 Rg1+ 49. Kf3 Rb1 50. Ne4+ Ke7 51. Rd5 Rxb3 52. Nxg5 Nd4+ 53. Ke4 Ne2 54. Re5+ Kd7 55. Rxc5 Nc3+ 56. Kf3 f6 57. Ne4 Nd1 58. Nxf6+ Ke6 59. Ne4 Rd3 60. Rd5 Nb2 61. Rxd3 Nxd3 62. c5 Ne5+ 63. Kf4 Nd3+ 64. Kg3 Ke5 65. f3 Nb4 66. g5 Kf5 67. Kf2 Nc6 68. Ke2 Ne5 69. f4 Nc6 70. Kf3 Nb4 71. Ng3+ Ke6 72. Ke4 Na6 73. f5+ Ke7 74. f6+ Ke6 75. Kd4 Nb4 76. Ne4 Nc6+ 77. Kc4 Ke5 78. f7 1-0

[Event "Moscow-ch blitz 70th"]
[Site "Moscow"]
[Date "2016.09.04"]
[Round "10"]
[White "Glek, Igor Vladimirovich"]
[Black "Kuznecov, Mikhail"]
[Result "1-0"]
[WhiteElo "2377"]
[BlackElo "2378"]
[PlyCount "54"]
[EventDate "2016.09.04"]
[EventType "tourn (blitz)"]
[EventRounds "19"]
[EventCountry "RUS"]
[EventCategory "11"]
[SourceTitle "CBM 174 Extra"]
[Source "ChessBase"]
[SourceDate "2016.10.10"]
[SourceVersion "1"]
[SourceVersionDate "2016.10.10"]
[SourceQuality "1"]

1. e4 d6 2. f4 Nf6 3. Nc3 e5 4. Nf3 Nbd7 5. Bc4 Be7 6. d3 0-0 7. 0-0 c6 8. Bb3 exf4 9. Bxf4 Nc5 10. Kh1 Nxb3 11. axb3 Re8 12. h3 a6 13. Qd2 d5 14. e5 Nd7 15. d4 Nf8 16. Ne2 Be6 17. g4 Ng6 18. Bg3 h6 19. Nf4 Nxf4 20. Bxf4 Bf8 21. Kh2 Qd7 22. Rf2 Rac8 23. Rg1 c5 24. g5 h5 25. g6 fxg6 26. Rxg6 Bxh3 27. Rg5 Bg4 1-0

[Event "Moscow-ch blitz 70th"]
[Site "Moscow"]
[Date "2016.09.04"]
[Round "9"]
[White "Grachev, Boris V"]
[Black "Kuznecov, Mikhail"]
[Result "1/2-1/2"]
[WhiteElo "2628"]
[BlackElo "2378"]
[PlyCount "165"]
[EventDate "2016.09.04"]
[EventType "tourn (blitz)"]
[EventRounds "19"]
[EventCountry "RUS"]
[EventCategory "11"]
[SourceTitle "CBM 174 Extra"]
[Source "ChessBase"]
[SourceDate "2016.10.10"]
[SourceVersion "1"]
[SourceVersionDate "2016.10.10"]
[SourceQuality "1"]

1. d4 d6 2. Nf3 Nf6 3. h3 Nbd7 4. Bf4 g6 5. e3 Bg7 6. Be2 0-0 7. Bh2 b6 8. 0-0 Bb7 9. c3 a6 10. a4 c5 11. Nbd2 Ra7 12. Bd3 Qa8 13. Qe2 Ne4 14. Nxe4 Bxe4 15. Rfd1 Nf6 16. Ne1 Rc8 17. Bxe4 Nxe4 18. Nd3 Rb7 19. Nf4 Nf6 20. Bg3 Ne4 21. Bh2 Nf6 22. Nd3 Rbb8 23. Bf4 Qb7 24. Bg3 Ne4 25. Bh2 Nf6 26. Bf4 h6 27. Bg3 Ne4 28. Bh2 Nf6 29. Re1 Ne4 30. Nf4 Nf6 31. Red1 Ne4 32. Qf3 Nf6 33. Qe2 Ne4 34. Ra2 Nf6 35. Nd3 Ne4 36. f3 Nf6 37. Bg3 Kh7 38. Bf2 Kg8 39. Bg3 Kh7 40. Bf2 Kg8 41. Raa1 Qc6 42. Ra2 Qb7 43. Rda1 Nd7 44. Rd1 Qc6 45. Bh4 Nf6 46. Bf2 Nd7 47. Nf4 Qb7 48. Nd3 Nf6 49. Raa1 Qc6 50. Nf4 Qb7 51. d5 b5 52. axb5 axb5 53. e4 Nd7 54. Nd3 Ra8 55. Be3 Rxa1 56. Rxa1 Ra8 57. Qd1 Nb6 58. Qb1 Nc4 59. Bc1 Ra6 60. Rxa6 Qxa6 61. b3 Nb6 62. Bb2 Qa8 63. Kh2 e6 64. dxe6 fxe6 65. Qc2 Qa2 66. Nc1 Qa8 67. Kh1 c4 68. bxc4 Nxc4 69. Qb3 Qc6 70. Nd3 Kf7 71. Bc1 Ne5 72. Nxe5+ Bxe5 73. Bd2 Qc4 74. Qxc4 bxc4 75. Kg1 d5 76. exd5 exd5 77. Kf1 h5 78. g4 Ke6 79. Ke2 Bd6 80. Be3 Be5 81. Kd2 Bf6 82. Kc2 Be5 83. Kd2 1/2-1/2

[Event "Moscow-ch blitz 70th"]
[Site "Moscow"]
[Date "2016.09.04"]
[Round "11"]
[White "Kuznecov, Mikhail"]
[Black "Grigoriants, Sergey"]
[Result "0-1"]
[WhiteElo "2378"]
[BlackElo "2564"]
[PlyCount "98"]
[EventDate "2016.09.04"]
[EventType "tourn (blitz)"]
[EventRounds "19"]
[EventCountry "RUS"]
[EventCategory "11"]
[SourceTitle "CBM 174 Extra"]
[Source "ChessBase"]
[SourceDate "2016.10.10"]
[SourceVersion "1"]
[SourceVersionDate "2016.10.10"]
[SourceQuality "1"]

1. d4 Nf6 2. Nf3 g6 3. Bf4 Bg7 4. e3 d6 5. h3 c5 6. c3 cxd4 7. exd4 0-0 8. Be2 Be6 9. Nbd2 Qb6 10. Qc1 Nc6 11. Nc4 Qc7 12. Ne3 Rac8 13. 0-0 Nd5 14. Nxd5 Bxd5 15. Qd2 Rfd8 16. Rfd1 e5 17. Be3 e4 18. Ne1 f5 19. g3 Bf7 20. Ng2 Na5 21. h4 Bc4 22. Nf4 Qf7 23. d5 Bxe2 24. Qxe2 Nc4 25. Ne6 Re8 26. Nxg7 Qxg7 27. Bd4 Qf7 28. b3 Ne5 29. Bxe5 Rxe5 30. c4 f4 31. Rd4 Rce8 32. Qg4 Rf5 33. Re1 h5 34. Qe2 Rfe5 35. Qc2 Qf5 36. Kh2 Qg4 37. Qe2 Qf5 38. Qc2 b6 39. a3 Kh7 40. b4 Qg4 41. Qe2 Qf5 42. Qc2 Kg7 43. c5 bxc5 44. bxc5 dxc5 45. Qxc5 fxg3+ 46. fxg3 Qf2+ 47. Kh3 Qxe1 48. Qxa7+ R8e7 49. Qb8 Qh1# 0-1

[Event "Moscow-ch blitz 70th"]
[Site "Moscow"]
[Date "2016.09.04"]
[Round "4"]
[White "Kuznecov, Mikhail"]
[Black "Vavulin, Maksim"]
[Result "1-0"]
[WhiteElo "2378"]
[BlackElo "2582"]
[PlyCount "63"]
[EventDate "2016.09.04"]
[EventType "tourn (blitz)"]
[EventRounds "19"]
[EventCountry "RUS"]
[EventCategory "11"]
[SourceTitle "CBM 174 Extra"]
[Source "ChessBase"]
[SourceDate "2016.10.10"]
[SourceVersion "1"]
[SourceVersionDate "2016.10.10"]
[SourceQuality "1"]

1. d4 Nf6 2. Nf3 e6 3. Bg5 c5 4. c3 b6 5. Nbd2 Bb7 6. e3 Be7 7. Be2 0-0 8. 0-0 d6 9. h3 Qc7 10. Bf4 Nbd7 11. a4 a6 12. Bh2 Qc6 13. Qb3 Rfe8 14. Rfc1 Bf8 15. Ne1 e5 16. dxe5 dxe5 17. e4 g6 18. f3 Bh6 19. Rd1 Bf4 20. Nc4 Bxh2+ 21. Kxh2 Re6 22. Ne3 Rf8 23. Bc4 Ree8 24. N1c2 h5 25. Rd2 h4 26. Rad1 Qc7 27. Rd6 Kg7 28. Qa2 Re7 29. Qa1 Nb8 30. Qc1 Ne8 31. Nf5+ Kg8 32. Rxg6+ 1-0

[Event "Moscow-ch blitz 70th"]
[Site "Moscow"]
[Date "2016.09.04"]
[Round "16"]
[White "Morozevich, Alexander"]
[Black "Kuznecov, Mikhail"]
[Result "1-0"]
[WhiteElo "2683"]
[BlackElo "2378"]
[PlyCount "43"]
[EventDate "2016.09.04"]
[EventType "tourn (blitz)"]
[EventRounds "19"]
[EventCountry "RUS"]
[EventCategory "11"]
[SourceTitle "CBM 174 Extra"]
[Source "ChessBase"]
[SourceDate "2016.10.10"]
[SourceVersion "1"]
[SourceVersionDate "2016.10.10"]
[SourceQuality "1"]

1. e4 d6 2. Nc3 Nf6 3. f4 e5 4. Nf3 Nbd7 5. Bc4 Be7 6. d3 c6 7. a3 0-0 8. Ba2 exf4 9. 0-0 Nb6 10. Bxf4 d5 11. e5 Ne8 12. Qe1 Nc7 13. Qg3 Ne6 14. Bh6 Kh8 15. Bd2 Bd7 16. Ne2 Be8 17. Ned4 Bd7 18. Nf5 Rg8 19. Kh1 Bf8 20. c3 Nc5 21. Ng5 Be6 22. Nxh7 1-0

[Event "Moscow-ch blitz 70th"]
[Site "Moscow"]
[Date "2016.09.04"]
[Round "14"]
[White "Moskalenko, Alexander"]
[Black "Kuznecov, Mikhail"]
[Result "1-0"]
[WhiteElo "2490"]
[BlackElo "2378"]
[PlyCount "85"]
[EventDate "2016.09.04"]
[EventType "tourn (blitz)"]
[EventRounds "19"]
[EventCountry "RUS"]
[EventCategory "11"]
[SourceTitle "CBM 174 Extra"]
[Source "ChessBase"]
[SourceDate "2016.10.10"]
[SourceVersion "1"]
[SourceVersionDate "2016.10.10"]
[SourceQuality "1"]

1. e4 d6 2. d4 Nf6 3. Bd3 e5 4. Nf3 Nbd7 5. 0-0 Be7 6. c3 0-0 7. a4 a5 8. Re1 c6 9. Nbd2 Qc7 10. Nf1 Re8 11. Ng3 Nf8 12. Nf5 Bxf5 13. exf5 exd4 14. cxd4 d5 15. Ne5 Bd6 16. Bf4 N8d7 17. Nxd7 Qxd7 18. Be5 Qd8 19. Qf3 Bb4 20. Re2 Nd7 21. g3 f6 22. Bf4 Nf8 23. Rc2 Qb6 24. Be3 Re7 25. h4 Rae8 26. Kg2 Kh8 27. Rd1 Qd8 28. Bc1 Nd7 29. Bf4 Nb6 30. b3 Nd7 31. Re2 Nf8 32. Rxe7 Rxe7 33. g4 Bd6 34. Bc1 Nd7 35. g5 Qe8 36. h5 Qf8 37. h6 gxh6 38. g6 hxg6 39. fxg6 f5 40. Bxh6 Qf6 41. Bxf5 Kg8 42. Qg4 Nf8 43. Bg5 1-0

[Event "Moscow-ch blitz 70th"]
[Site "Moscow"]
[Date "2016.09.04"]
[Round "7"]
[White "Popov, Ivan1111"]
[Black "Kuznecov, Mikhail"]
[Result "1-0"]
[WhiteElo "2596"]
[BlackElo "2378"]
[PlyCount "45"]
[EventDate "2016.09.04"]
[EventType "tourn (blitz)"]
[EventRounds "19"]
[EventCountry "RUS"]
[EventCategory "11"]
[SourceTitle "CBM 174 Extra"]
[Source "ChessBase"]
[SourceDate "2016.10.10"]
[SourceVersion "1"]
[SourceVersionDate "2016.10.10"]
[SourceQuality "1"]

1. e4 d6 2. d4 Nf6 3. Nc3 e5 4. dxe5 dxe5 5. Qxd8+ Kxd8 6. Bg5 Be6 7. 0-0-0+ Nbd7 8. g3 h6 9. Bxf6+ gxf6 10. f4 exf4 11. gxf4 f5 12. Bh3 Bd6 13. exf5 Bc4 14. b3 Ba6 15. Ne4 Bxf4+ 16. Kb1 Ke8 17. c4 Rd8 18. Ne2 Be5 19. Rhe1 f6 20. Nd4 Ke7 21. Ne6 Rdg8 22. Nxc7 Bxc7 23. Nc5+ 1-0

[Event "Vienna op 18th"]
[Site "Vienna"]
[Date "2013.08.23"]
[Round "7"]
[White "Kuznecov, Mikhail"]
[Black "Seyfried, Claus"]
[Result "1-0"]
[WhiteElo "2364"]
[BlackElo "2190"]
[PlyCount "89"]
[EventDate "2013.08.17"]
[EventType "swiss"]
[EventRounds "9"]
[EventCountry "AUT"]
[SourceTitle "CBM 156 Extra"]
[Source "ChessBase"]
[SourceDate "2013.10.22"]
[SourceVersion "1"]
[SourceVersionDate "2013.10.22"]
[SourceQuality "1"]

1. d4 d5 2. Nf3 c6 3. Bf4 Qb6 4. Qc1 Nf6 5. e3 Nh5 6. Bg5 h6 7. Bh4 g5 8. Bg3 Bf5 9. Be5 f6 10. Bxb8 Rxb8 11. Be2 Ng7 12. c4 e6 13. Nc3 Qc7 14. cxd5 cxd5 15. Qd2 Bb4 16. 0-0 Kf7 17. Nxd5 Bxd2 18. Nxc7 Rhc8 19. Nb5 Rc2 20. Na3 Rxb2 21. Nc4 Bc3 22. Nxb2 Bxb2 23. Rad1 Rc8 24. Bd3 b6 25. Bxf5 Nxf5 26. Rd3 Bc1 27. Rfd1 Ne7 28. e4 Bf4 29. g3 Bb8 30. Ne1 Rc4 31. Ng2 Ra4 32. R3d2 Bd6 33. Ne3 Nc6 34. d5 exd5 35. Rxd5 Be7 36. Rc1 Bc5 37. Nf5 Rxa2 38. Rd7+ Ke8 39. Rc7 Ne5 40. Rd1 Nf3+ 41. Kh1 Nd2 42. Ng7+ Kf8 43. Ne6+ Kg8 44. Rd7 Nxe4 45. Rg7+ 1-0

[Event "Vienna op 18th"]
[Site "Vienna"]
[Date "2013.08.22"]
[Round "6"]
[White "Lewicki, Miroslaw"]
[Black "Kuznecov, Mikhail"]
[Result "1/2-1/2"]
[WhiteElo "2188"]
[BlackElo "2364"]
[PlyCount "96"]
[EventDate "2013.08.17"]
[EventType "swiss"]
[EventRounds "9"]
[EventCountry "AUT"]
[SourceTitle "CBM 156 Extra"]
[Source "ChessBase"]
[SourceDate "2013.10.22"]
[SourceVersion "1"]
[SourceVersionDate "2013.10.22"]
[SourceQuality "1"]

1. e4 d6 2. d4 Nf6 3. Bd3 e5 4. Ne2 Be7 5. 0-0 0-0 6. c4 Nbd7 7. Nbc3 exd4 8. Nxd4 Re8 9. Bc2 Bf8 10. Bg5 c6 11. Qd2 Ne5 12. b3 h6 13. Be3 Neg4 14. Bf4 Nh5 15. Rad1 Nxf4 16. Qxf4 Qa5 17. Qg3 Nf6 18. f4 Bg4 19. Rde1 Qc5 20. Qd3 Bh5 21. h3 Bg6 22. f5 Bh7 23. Na4 Qa5 24. g4 Nd7 25. Qc3 Qxc3 26. Nxc3 Ne5 27. Rd1 Rad8 28. Kg2 Kh8 29. Kg3 Bg8 30. Nce2 d5 31. exd5 cxd5 32. cxd5 Rxd5 33. Nf4 Rdd8 34. Nb5 a6 35. Nd4 Bd6 36. h4 g5 37. fxg6 Nxg6 38. Bxg6 fxg6 39. Kg2 Kg7 40. h5 Bxf4 41. Rxf4 Rd5 42. hxg6 Kxg6 43. Rdf1 h5 44. Nf3 Be6 45. gxh5+ Rxh5 46. Kg3 Bd5 47. Rd1 Re3 48. Kf2 Rxf3+ 1/2-1/2

[Event "Vienna op 18th"]
[Site "Vienna"]
[Date "2013.08.21"]
[Round "5"]
[White "Kuznecov, Mikhail"]
[Black "Krivoborodov, Egor"]
[Result "0-1"]
[WhiteElo "2364"]
[BlackElo "2502"]
[PlyCount "80"]
[EventDate "2013.08.17"]
[EventType "swiss"]
[EventRounds "9"]
[EventCountry "AUT"]
[SourceTitle "CBM 156 Extra"]
[Source "ChessBase"]
[SourceDate "2013.10.22"]
[SourceVersion "1"]
[SourceVersionDate "2013.10.22"]
[SourceQuality "1"]

1. d4 Nf6 2. Nf3 e6 3. Bg5 h6 4. Bxf6 Qxf6 5. Nbd2 g6 6. e3 Bg7 7. Bd3 b6 8. Be4 c6 9. Bd3 Bb7 10. Qe2 c5 11. c3 0-0 12. h4 Qe7 13. 0-0-0 Nc6 14. h5 g5 15. g4 d5 16. Nf1 c4 17. Bc2 b5 18. Ng3 b4 19. Kd2 a5 20. Rb1 a4 21. a3 b3 22. Bd1 f5 23. Re1 Rae8 24. gxf5 exf5 25. Qf1 Qd6 26. Qg2 f4 27. exf4 Qxf4+ 28. Re3 g4 29. Nh4 Nxd4 30. cxd4 Qxd4+ 31. Ke1 Rxe3+ 32. fxe3 Qxe3+ 33. Be2 Bc3+ 34. bxc3 Qxc3+ 35. Kd1 Qc2+ 36. Ke1 Qxb1+ 37. Bd1 Re8+ 38. Ne2 Qe4 39. Qxe4 Rxe4 40. Kd2 d4 0-1

[Event "Moscow-chT"]
[Site "Moscow"]
[Date "2010.12.18"]
[Round "6"]
[White "Kuznecov, Mikhail"]
[Black "Babikov, Ivan"]
[Result "1-0"]
[WhiteElo "2343"]
[BlackElo "2341"]
[PlyCount "111"]
[EventDate "2010.11.20"]
[EventType "team-tourn"]
[EventRounds "7"]
[EventCountry "RUS"]
[SourceTitle "CBM 139 Extra"]
[Source "ChessBase"]
[SourceDate "2011.01.05"]
[SourceVersion "1"]
[SourceVersionDate "2011.01.05"]
[SourceQuality "1"]
[WhiteTeam "October DC MEPI"]
[BlackTeam "RGSU"]
[WhiteTeamCountry "RUS"]
[BlackTeamCountry "RUS"]

1. d4 d5 2. Nf3 Nf6 3. Bf4 e6 4. e3 Bd6 5. Ne5 Nbd7 6. Nd2 0-0 7. Bd3 Qe7 8. g4 Ne8 9. g5 f5 10. Ndf3 Bxe5 11. Nxe5 Nxe5 12. Bxe5 Qxg5 13. Qe2 b6 14. Bb5 Nd6 15. 0-0-0 Rf7 16. Rdg1 Qe7 17. Rg2 Bd7 18. Bd3 Ne8 19. f3 c5 20. c3 cxd4 21. cxd4 a5 22. Kb1 Bc8 23. Rhg1 Qa7 24. Rc1 Ba6 25. Bxa6 Qxa6 26. Qxa6 Rxa6 27. Rc8 Rf8 28. Rc6 Kf7 29. Rgc2 g5 30. Rc8 b5 31. Rb8 b4 32. Rcc8 g4 33. Rb7+ Kg6 34. Re7 gxf3 35. Bg3 f4 36. exf4 Kf5 37. Rcxe8 Rxe8 38. Rxe8 Ke4 39. f5 Kxf5 40. Kc2 Ke4 41. Kd2 Kxd4 42. Rf8 e5 43. Rxf3 e4 44. Rf5 a4 45. Bf2+ Kc4 46. Rf7 Rc6 47. Rxh7 d4 48. b3+ axb3 49. axb3+ Kxb3 50. Bxd4 Kc4 51. Be5 b3 52. Rc7 e3+ 53. Kc1 Rxc7 54. Bxc7 Kd3 55. Ba5 Ke4 56. h4 1-0

[Event "Moscow-chT U26 final"]
[Site "Moscow"]
[Date "2010.11.28"]
[Round "8"]
[White "Lagashin, Pavel"]
[Black "Kuznecov, Mikhail"]
[Result "0-1"]
[WhiteElo "2111"]
[BlackElo "2343"]
[PlyCount "72"]
[EventDate "2010.11.07"]
[EventType "team-tourn"]
[EventRounds "9"]
[EventCountry "RUS"]
[SourceTitle "EXT 2012"]
[Source "ChessBase"]
[SourceDate "2011.11.24"]
[SourceVersion "1"]
[SourceVersionDate "2011.11.24"]
[SourceQuality "1"]

1. d4 Nf6 2. c4 d6 3. Nc3 Nbd7 4. e4 e5 5. Be3 Be7 6. Nf3 c6 7. Be2 0-0 8. h3 exd4 9. Nxd4 Nc5 10. Qc2 a5 11. 0-0 Re8 12. f4 Bf8 13. Bf3 Qc7 14. Rae1 Nfd7 15. g4 Ne6 16. Nxe6 Rxe6 17. Qf2 a4 18. g5 Re8 19. h4 Qa5 20. h5 a3 21. g6 fxg6 22. hxg6 hxg6 23. Qg2 axb2 24. Qxg6 Qxc3 25. e5 b1Q 26. Qxb1 dxe5 27. Bh5 Re6 28. f5 Rh6 29. Bg6 Bc5 30. Qe4 Nf6 31. Qf3 Ra3 32. Bxc5 Qxf3 33. Rxf3 Rxf3 34. Rd1 Rg3+ 35. Kf2 Ne4+ 36. Ke2 Rh2+ 0-1

[Event "Moscow Jan"]
[Site "Moscow"]
[Date "2007.01.16"]
[Round "7"]
[White "Kuznecov, Mikhail"]
[Black "Vinogradov, Sergey Al"]
[Result "1-0"]
[WhiteElo "2344"]
[BlackElo "2138"]
[PlyCount "87"]
[EventDate "2007.01.10"]
[EventType "tourn"]
[EventRounds "15"]
[EventCountry "RUS"]
[SourceTitle "EXT 2010"]
[Source "ChessBase"]
[SourceDate "2010.11.25"]
[SourceVersion "1"]
[SourceVersionDate "2010.11.25"]
[SourceQuality "1"]

1. d4 Nf6 2. c4 e6 3. Nc3 Bb4 4. e3 0-0 5. Bd3 d5 6. cxd5 exd5 7. Nge2 c5 8. 0-0 Nc6 9. a3 cxd4 10. exd4 Bd6 11. f3 h6 12. Kh1 Nh5 13. Qe1 f5 14. Nxd5 Bxh2 15. Kxh2 Qxd5 16. Qh4 f4 17. Bg6 Qe6 18. Qxh5 Qxe2 19. Bxf4 Rxf4 20. Rfe1 Qc4 21. Re8+ Rf8 22. Rc1 Qa2 23. Bd3 Be6 24. Rxe6 Qxe6 25. Bc4 Nxd4 26. Bxe6+ Nxe6 27. Qd5 Rae8 28. Qxb7 Rf7 29. Qe4 Rff8 30. Qa4 Re7 31. Rc6 Rf5 32. Qe4 Rh5+ 33. Kg1 Kf7 34. b4 g6 35. Ra6 Rf5 36. Qc6 Rf4 37. Qc1 Rh4 38. g4 Rh3 39. Kg2 Rh4 40. Kg3 g5 41. Qc2 Nf8 42. Qf5+ Kg8 43. Rxh6 Rxh6 44. Qxg5+ 1-0

[Event "Moscow Rector Cup"]
[Site "Moscow"]
[Date "2006.07.09"]
[Round "10"]
[White "Kuznecov, Mikhail"]
[Black "Efimova, Olga"]
[Result "1-0"]
[WhiteElo "2343"]
[BlackElo "2216"]
[PlyCount "81"]
[EventDate "2006.07.02"]
[EventType "tourn"]
[EventRounds "15"]
[EventCountry "RUS"]
[SourceTitle "EXT 2008"]
[Source "ChessBase"]
[SourceDate "2007.11.25"]
[SourceVersion "1"]
[SourceVersionDate "2007.11.25"]
[SourceQuality "1"]

1. e4 g6 2. d4 d6 3. Nc3 c6 4. f4 d5 5. e5 h5 6. Nf3 Nh6 7. Be3 Qb6 8. Na4 Qa5+ 9. c3 Bg4 10. Nc5 Qc7 11. h3 Nf5 12. Bf2 Bxf3 13. Qxf3 h4 14. e6 b6 15. exf7+ Kxf7 16. Nd3 Bg7 17. Ne5+ Bxe5 18. fxe5 Nd7 19. Bd3 e6 20. 0-0 c5 21. Qf4 c4 22. Bc2 Kg7 23. Bxf5 gxf5 24. Bxh4 Kf7 25. Rf3 Rag8 26. Raf1 Qc6 27. Bg5 Rh5 28. h4 Nf8 29. g4 Ng6 30. Qg3 Rxg5 31. hxg5 f4 32. Rxf4+ Ke8 33. Rf7 Kd8 34. Rxa7 Kc8 35. Rff7 Kb8 36. Qh2 Rh8 37. Rh7 Rf8 38. Qh6 Rf4 39. Qxg6 Rxg4+ 40. Kf1 Qc8 41. Rhb7+ 1-0

[Event "Canarias en Red prel 4th"]
[Site "Playchess.com INT"]
[Date "2004.05.06"]
[Round "5"]
[White "Kuznecov, Mikhail"]
[Black "Hummel, Dirk"]
[Result "0-1"]
[WhiteElo "2334"]
[BlackElo "2266"]
[PlyCount "98"]
[EventDate "2004.05.06"]
[EventType "swiss (blitz)"]
[EventRounds "13"]
[EventCountry "GER"]
[SourceTitle "EXT 2005"]
[Source "ChessBase"]
[SourceDate "2004.11.15"]
[SourceVersion "1"]
[SourceVersionDate "2004.11.15"]
[SourceQuality "1"]

1. d4 d5 2. c4 e6 3. Nc3 c5 4. Nf3 Nc6 5. cxd5 exd5 6. Bf4 Bg4 7. dxc5 d4 8. Ne4 Bxc5 9. Nxc5 Qa5+ 10. Qd2 Qxc5 11. Rc1 Qb6 12. g3 Nf6 13. Bg2 Ne4 14. Qc2 Qb4+ 15. Nd2 Nxd2 16. Bxd2 Qb6 17. Bxc6+ bxc6 18. Qxc6+ Qxc6 19. Rxc6 0-0 20. f3 Be6 21. Kf2 Bxa2 22. Ra1 Be6 23. Rc7 a6 24. Ra4 Rfd8 25. Rc6 d3 26. e4 Bd7 27. Rac4 Bxc6 28. Rxc6 Rdc8 29. Rd6 Rc2 30. Ke3 Rxb2 31. Rxd3 h5 32. Bc3 Rxh2 33. Rd5 g6 34. Ba5 Ra2 35. Kf4 Ra3 36. g4 h4 37. g5 h3 38. Kg3 h2 39. Kxh2 Rxf3 40. Kg2 Re3 41. Re5 Rc8 42. Kf2 Ra3 43. Rd5 Rc2+ 44. Bd2 Raa2 45. Ke3 Rxd2 46. Rxd2 Rxd2 47. Kxd2 Kf8 48. Kc3 Ke7 49. Kc4 Ke6 0-1